000 00570nam a2200193 a 4500
003 OSt
005 20140311163014.0
008 060922s19uu xx 00 eng d
020 _a0749445734
050 _aGT 3405
_b.M5513 2004
100 _aMikunda, Christian
_930646
245 _aBrand lands, hot spots & cool spaces /
_cChristian Mikunda.
260 _aLondon :
_bKogan Page,
_c2004.
300 _a221 p. :
_bill. ;
_c20 cm.
650 _aSpecial events
_xMarketing.
_930647
650 _aSpecial events
_xPlanning.
_930648
942 _cBK
_2lcc
_kFOR
999 _c39403
_d39403